00976 2200313 4500001002100000005001500021035002000036007000300056008004100059020002200100082001500122084001700137100002800154245010200182250003500284300004700319650002800366700002300394504003300417264003800450336002100488337003000509338002300539040002200562090002200584850001200606999002200618990002200640INLIS00000000087238620220830105701 a0010-0822000991ta220830s2021 yoia g ind d a978-623-5705-37-804223a33.484 a33.484 NOO r0 aNoor HasanahePengarang10aReligius radikal ? :bkesadaran beragama dan aktualisasi kesalehan gen-z /cNoor Hasanah, Huriyah aCetakan pertama, November 2021 axii, 105 halaman :bgrafik, tabel ;c23 cm 4aRadikal dan radikalisme0 aHuriyahePengarang aBibliografi : halaman 96-10131aSleman :bZahir Publishing,c2021 2rdacontentateks 2rdamediaatanpa perantara 2rdacarrieravolume aYOPDYOGbinderda aCB-D.11 2021-3505 aYOPDYOG aCB-D.11/2021-3505 aCB-D.11/2021-3505